Catálogo ilustrado de máquinas y calderas de vapor de Julius G. Neville & Co., oriel chambers, Liverpool (Inglaterra) : sucursales y depósito: Julius G. Neville, 11, plaza de palacio, Barcelona. 6, puerta del sol, Madrid. (Record no. 62980)
[ view plain ]
| 000 -LEADER | |
|---|---|
| campo de control de longitud fija | 00749nam a2200181 i 4500 |
| 001 - NÚMERO DE CONTROL | |
| campo de control | 62980 |
| 003 - IDENTIFICADOR DE NÚMERO DE CONTROL | |
| campo de control | ES-MaACL |
| 005 - FECHA Y HORA DE LA ÚLTIMA TRANSACCIÓN | |
| campo de control | 20230906164748.0 |
| 007 - CAMPO FIJO DE DESCRIPCIÓN FÍSICA--INFORMACIÓN GENERAL | |
| campo de control de longitud fija | t| |
| 008 - DATOS DE LONGITUD FIJA--INFORMACIÓN GENERAL | |
| campo de control de longitud fija | 180430q1885 xxk ||||1| spa d |
| 110 2# - ENTRADA PRINCIPAL--NOMBRE DE ENTIDAD CORPORATIVA | |
| Nombre de entidad corporativa o nombre de jurisdicción como elemento de entrada | Julius G. Neville. |
| 9 (RLIN) | 164722 |
| 245 10 - MENCIÓN DEL TÍTULO | |
| Título | Catálogo ilustrado de máquinas y calderas de vapor de Julius G. Neville & Co., oriel chambers, Liverpool (Inglaterra) : sucursales y depósito: Julius G. Neville, 11, plaza de palacio, Barcelona. 6, puerta del sol, Madrid. |
| 260 ## - PUBLICACIÓN, DISTRIBUCIÓN, ETC. | |
| Lugar de publicación, distribución, etc. | [S.l.] : |
| Nombre del editor, distribuidor, etc. | Julius G. Neville, |
| Fecha de publicación, distribución, etc. | [ca. 1885] |
| 300 ## - DESCRIPCIÓN FÍSICA | |
| Extensión | 24 p. : |
| Otras características físicas | il. ; |
| Dimensiones | 28 cm. |
| 650 #4 - PUNTO DE ACCESO ADICIONAL DE MATERIA--TÉRMINO DE MATERIA | |
| Término de materia o nombre geográfico como elemento de entrada | Calderas de vapor- |
| Subdivisión de forma | Catálogos comerciales. |
| 9 (RLIN) | 164723 |
| 650 #4 - PUNTO DE ACCESO ADICIONAL DE MATERIA--TÉRMINO DE MATERIA | |
| Término de materia o nombre geográfico como elemento de entrada | Máquinas de vapor- |
| Subdivisión de forma | Catálogos comerciales. |
| 9 (RLIN) | 164724 |
| 852 ## - LOCALIZACIÓN | |
| Ubicación | ES-MaACL |
| Número de control de estantería | T-502-F-14 |
| Estatus retirado | Estado de pérdida | Estado de daño | No para préstamo | Colección | Biblioteca de origen | Biblioteca actual | Ubicación en estantería | Fecha de adquisición | Fuente de adquisición | Total de préstamos | Signatura topográfica completa | Código de barras | Visto por última vez | Precio de reemplazo | Tipo de ítem Koha |
|---|---|---|---|---|---|---|---|---|---|---|---|---|---|---|---|
| Colección de folletos | Biblioteca del Ateneo de Madrid | Biblioteca del Ateneo de Madrid | Depósito folletos | 30/04/2018 | T-502-F-14 | 1198802 | 23/02/2023 | 23/02/2023 | Folleto |
